| 000 -LEADER |
| fixed length control field |
00462cam a22001217a 4500 |
| 008 - FIXED-LENGTH DATA ELEMENTS--GENERAL INFORMATION |
| fixed length control field |
180718b1973 xxu||||| |||| 00| 0 eng d |
| 082 ## - DEWEY DECIMAL CLASSIFICATION NUMBER |
| Classification number |
X83 Un3 78C |
| 245 ## - TITLE STATEMENT |
| Title |
Patent abstracts international : solid waste management, 1945-1969 |
| Statement of responsibility, etc. |
by Environmental Protection Agency, U.S.A. |
| 260 ## - PUBLICATION, DISTRIBUTION, ETC. |
| Place of publication, distribution, etc. |
Washington |
| Name of publisher, distributor, etc. |
Environmental Protection Agency |
| Date of publication, distribution, etc. |
1973 |
| 300 ## - PHYSICAL DESCRIPTION |
| Extent |
v,437p |
| 650 ## - SUBJECT ADDED ENTRY--TOPICAL TERM |
| Topical term or geographic name entry element |
Refuse and refuse disposal --Patents. |
| 700 ## - ADDED ENTRY--PERSONAL NAME |
| Personal name |
U.S.A. Environmental Protection Agency |